Представление документа в формате RUSMARC

ПолеНазваниеЗначение
  Тип записи a
  Библиографический уровень m
001 Контрольный номер e713b8a299224f159915a94ee0605461
005 Дата корректировки 20240207193933.8
010 Индекс ISBN __
a ISBN 978-5-9951-3753-5
b Уточнения в пер.
100 Данные общей обработки __
a Данные общей обработки 20221207d 0rusy0189## ca
101 Язык документа 0_
a Язык текста rus
102 Страна публикации __
a Страна публикации RU
200 Заглавие и сведения об ответственности 1_
a Заглавие Воспитание без наказания
e Сведения, относящиеся к заглавию книга для родителей детей от 3 до 5 лет
f Первые сведения об ответственности Елена Ульева
f Первые сведения об ответственности [худож. Дарья Кох]
210 Выходные данные 1_
a Место издания Москва
c Издательство Стрекоза
d Дата издания 2020
215 Физическое описание __
a Объем 151, [1] с.
c Иллюстрации/тип воспроизводства ил.
225 Серия 2_
a Серия Воспитание с любовью
300 Общие примечания __
a Общие примечания 6+
606 Тематические рубрики 0_
a Основная рубрика Семейная педагогика
610 Ключевые слова 0_
a Ключевые слова семейная педагогика; воспитание детей; наказания; наказание детей; воспитание характера; борьба с недостатками; общение с детьми; полезные советы; педагогические методы; поучительные сказки; семейное воспитание
686 Индексы других классификаций __
a Классификационный индекс 74.9
700 Автор _1
a Фамилия Ульева
b Имя (инициалы) Е. А.
g Полное личное имя Елена Александровна
801 Источник записи _0
a Страна RU
b Организация УОБДЮ
c Дата составления 20221207
g Правила каталогизации RCR
801 Источник записи _1
a Страна RU
b Организация УОБДЮ
c Дата составления 20221207
g Правила каталогизации RCR
852 Данные о местонахождении __
a Наименование организации УОБДЮ
i Авторский знак У 51
j Шифр хранения 74.9
901 Тип документа __
t Тип документа m
905 Данные по созданию БЗ __
a Дата создания БЗ 202301
909 Создатель записи __
a Создатель записи Иванова М.М.
910 Корректоры записи __
a Корректор записи Комахина Т.В.
919 __
a Комахина Т.В.
c Иванова М.М.